| 000 | 00500nmm a2200169Ia 4500 | ||
|---|---|---|---|
| 008 | 251105s9999||||xx |||||||||||||||||und|| | ||
| 020 | _a8477370583 | ||
| 041 | _aspa | ||
| 100 | _aBustos, Manuel | ||
| 245 | 0 |
_aEuropa. Del viejo al nuevo orden : _b Del siglo XV al XIX |
|
| 264 |
_a[Madrid, España] : _bSílex Ediciones, _c1996 |
||
| 300 | _a402 páginas | ||
| 490 | _aClaves Históricas | ||
| 650 | _aHistory of Europe | ||
| 856 | _uhttps://public.digitaliapublishing.com/a/1252 | ||
| 942 | _cCF | ||
| 999 |
_c73435 _d73435 |
||